=LDR 00000nam 2200000 4500 =001 INLIS000000000038052 =005 20130612143739 =008 ***********************************Ind** =035 ##$$0010-061300000038052 =041 ##$$a Ind =082 ##$$a 813.Aff.a1 =245 ##$$a Amanda Quick, , The New York Times Bestselling Author =260 ##$$a Affair Jalinan Takdir $b Jakarta =300 ##$$a 424hlm, , ilus, , 11x18cm =700 ##$$a Wulandari Rahma =850 ##$$a NBPNMAT =990 ##$$a 0513/PN/2014 =990 ##$$a 0001/BPAP-NTB/2015